000 02779cam a2200613 a 4500
003 CHAP
005 20220329142939.0
008 050404d2004 mx 00010 spa d
010 _a89970
011 _a90942
020 _a9701334248
035 _a101499
040 _cCHAP
090 _aCD-163
110 2 _aInstituto Nacional de Estadística, Geografía e Informática. México
_959304
245 1 0 _aSistema para la consulta del anuario estadístico del estado de... (disco compacto)
_c/por Instituto Nacional de Estadística, Geografía e Informática
260 _aAguascalientes, Ags. :
_bInstituto Nacional de Estadística, Geografía e Informática,
_c2004.
300 _adiscos compactos
_c4 3/4 plgs.
500 _aLa biblioteca tiene: Campeche. -- Coahuila. -- Durango. -- Guanajuato. -- Guerrero. -- Hidalgo, Michoacán de Ocampo. -- Nayarit. -- Tlaxcala. -- Veracruz de Igancio de la Llave. -- Yucatán. -- Zacatecas
590 _aBATCH-UPD
_b10
_c20130109
_lUCH01
_h2350
590 _aBATCH-UPD
_b10
_c20130110
_lUCH01
_h0934
590 _aBATCH-UPD
_b10
_c20130409
_lUCH01
_h1921
590 _aBATCH-UPD
_b10
_c20130410
_lUCH01
_h0552
590 _aBATCH-UPD
_b10
_c20130815
_lUCH01
_h0201
590 _aBATCH-UPD
_b10
_c20130914
_lUCH01
_h0858
590 _aCONVERSION
_b10
_c20130109
_lUCH01
_h1350
650 1 4 _aCampeche
_xEstadísticas.
_917986
650 1 4 _aCoahuila
_xEstadísticas.
_923982
650 1 4 _aGuerrero
_xEstadísticas.
_951184
650 1 4 _aHidalgo
_xEstadísticas.
_955174
650 1 4 _aMichoacán
_xEstadísticas.
_975454
650 1 4 _aNayarit
_xEstadísticas.
_980626
650 1 4 _aTlaxcala
_xEstadísticas.
_9113474
650 1 4 _aYucatán
_xEstadísticas.
_9123322
650 1 4 _aZacatecas
_xEstadísticas.
_9123407
650 1 4 _xVeracruz
_aVeracruz.
_9175400
650 1 4 _xVeracruz
_aVeracruz.
_9175400
901 _aBK
905 _aLilia
942 _cCD
949 _aCD-163
_bBC
_cCD
_d33724000945499
_eCD
_fYuc.
_i101499
_sb
949 _aCD-163
_bBC
_cCD
_d33724000945556
_eCD
_fMich.
_i101499
_sb
949 _aCD-163
_bBC
_cCD
_d33724000945614
_eCD
_fCamp.
_i101499
_sb
949 _aCD-163
_bBC
_cCD
_d33724000945671
_eCD
_fVer.
_i101499
_sb
949 _aCD-163
_bBC
_cCD
_d33724000945739
_eCD
_fNay.
_i101499
_sb
949 _aCD-163
_bBC
_cCD
_d33724000945796
_eCD
_fTlax,
_i101499
_sb
949 _aCD-163
_bBC
_cCD
_d33724000950424
_eCD
_fYuc. c.2
_i101499
_sb
949 _aCD-163
_bBC
_cCD
_d33724000950481
_eCD
_fDgo.
_i101499
_sb
949 _aCD-163
_bBC
_cCD
_d33724000951075
_eCD
_fGto.
_i101499
_sb
949 _aCD-163
_bBC
_cCD
_d33724000953527
_eCD
_fCoah.
_i101499
_sb
949 _aCD-163
_bBC
_cCD
_d33724000953584
_eCD
_fGro.
_i101499
_sb
949 _aCD-163
_bBC
_cCD
_d33724000953642
_eCD
_fZac.
_i101499
_sb
949 _aCD-163
_bBC
_cCD
_d33724000953766
_eCD
_fHgo.
_i101499
_sb
999 _c89970
_d89970